[Event "FRA-ch U16 Girls"]
[Site "Saint Paul Trois Chateaux"]
[Date "2013.04.28"]
[Round "1"]
[White "Bignand, Claire"]
[Black "Rouffignac, Marie"]
[Result "0-1"]
[WhiteElo "1473"]
[BlackElo "1769"]
[PlyCount "58"]
[EventDate "2013.04.28"]
[EventType "swiss"]
[EventRounds "9"]
[EventCountry "FRA"]
[SourceTitle "CBM 154 Extra"]
[Source "ChessBase"]
[SourceDate "2013.06.25"]
[SourceVersion "2"]
[SourceVersionDate "2013.06.25"]
[SourceQuality "1"]

1. d4 Nf6 2. c4 g6 3. Nc3 d5 4. Nf3 Bg7 5. Bg5 Ne4 6. cxd5 Nxg5 7. Nxg5 e6 8. Nf3 exd5 9. e3 0-0 10. Bd3 c5 11. dxc5 Qa5 12. Qb3 Nc6 13. 0-0 d4 14. Ne4 dxe3 15. fxe3 Nb4 16. Bc4 Bf5 17. Neg5 Bc2 18. Bxf7+ Kh8 19. Qc4 Rac8 20. Qh4 h6 21. Ne5 Qxc5 22. Nxg6+ Bxg6 23. Bxg6 Qxe3+ 24. Kh1 Qxg5 25. Qxg5 hxg5 26. Rfe1 Nc2 27. Rab1 Nxe1 28. Rxe1 Bxb2 29. h3 Rc1 0-1